000 00466nam a2200193Ia 4500
005 20240823015658.0
008 240823s9999||||xx |||||||||||||| ||und||
020 _a81-7808-944-0
041 _aENGLISH
082 _A658.800285 P3
100 _aStrauss Judy etal
245 0 _aE-Marketing
250 _a3rd
260 _c2003
_bPearl Printers and Publi
_aChennai
500 _aYES
650 _aMarketing
_bManagement Studies
942 _cBK
999 _c172982
_d172982